000 01237cam a2200313 a 4500
001 202485
003 NUST-PNEC
005 20170116180739.0
008 990322s1999 inu 001 0 eng
010 _a 99062147
020 _a0789719754
020 _a8120315979
040 _aDLC
_cPNEC
_dDLC
050 0 0 _aQA76.9.D3
_bS684 1999
082 0 0 _a005.75 PAG
_221
100 _91089
_aPage, William G.
245 0 0 _aSpecial edition using Oracle8/8i /
_cWilliam Page ... [et al.]
246 3 0 _aUsing Oracle8/8i
246 3 0 _aOracle8/8i
260 _aIndianapolis, Ind / New Delhi :
_bQue/Prentice Hall of India,
_cc1999.
300 _axviii, 1082 p. ;
_c24 cm.
630 0 0 _aOracle (Computer file)
650 0 _aRelational databases.
_xComputer, MIS
700 1 _aPage, William G.
856 _uhttp://www.amazon.com/Special-Using-Oracle8-William-Page/dp/0789719754/ref=sr_1_1?s=books&ie=UTF8&qid=1418231736&sr=1-1&keywords=USING+ORACLE8%2F8I+BY+WILLIAM+G
906 _a7
_bcbc
_corignew
_d2
_eopcn
_f19
_gy-gencatlg
942 _2ddc
_cBK
999 _c62107
_d62107